00858 2200181 4500001002100000005001500021035002000036245006000056100002000116250001700136300002800153260003100181082001000212084001600222020002200238600001400260500040200274INLIS00000000000095320250319032409 a0010-03250000491 aEnsiklopedia Mini Pertamaku :bWarna /cCucu Nurhasanah0 aCucu Nurhasanah acetakan ke-1 a36 hlm :bilus ;c19 cm aSolo :bTiga Ananda,c2019 a580.3 a580.3 CUC e a978-602-366-860-1 4aBuku Anak aBuku Interaktif Ensiklopedia Mini Pertamaku ini mengajak anak mengenal dan mempelajari enam hal yang ada di lingkungan sekitarnya. Keenam hal tersebut meliputi benda sekitar, hewan piaraan, tempat umum, kendaraan, tumbuhan, dan warna. Buku ini hadir dalam format interaktif. Jadi, di buku ini, anak tidak hanya dapat melihat, tetapi juga mendengarkan materi serta melakukan aktivitas seru lainnya.